OECD Economic Surveys: Tunisia 2018 Economic Assessment

Saved in:
Bibliographic Details
Format: Book
Language:English
Published: Paris OECD 2018
Series:OECD Economic Surveys
Subjects:
Tags: Add Tag
No Tags, Be the first to tag this record!

MARC

LEADER 00000nam a2200000 4500
001 0243015
005 20221220065736.5
020 |a 978-92-64-29174-4 
041 0 |a eng 
044 |a FR 
245 1 0 |a OECD Economic Surveys: Tunisia 2018  |b Economic Assessment 
264 1 |a Paris  |b OECD  |c 2018 
300 |a 127 s. 
490 1 |a OECD Economic Surveys 
830 0 |a OECD Economic Surveys 
610 2 0 |a situácia hospodárska 
610 2 0 |a investície 
610 2 0 |a produktivita 
610 2 0 |a trh práce 
610 2 0 |a právo 
610 2 0 |a rozpočty 
610 2 0 |a reformy 
610 2 0 |a vodohospodárstvo 
610 2 0 |a India 
610 2 0 |a Tunisko